FIDIC (Record no. 112600)
[ view plain ]
| 000 -LEADER | |
|---|---|
| fixed length control field | 02690cam a2200301 4500 |
| 001 - CONTROL NUMBER | |
| control field | L153596 |
| 008 - FIXED-LENGTH DATA ELEMENTS--GENERAL INFORMATION | |
| fixed length control field | 110519n2010 000 0 eng u |
| 020 ## - INTERNATIONAL STANDARD BOOK NUMBER | |
| International Standard Book Number | 9783642021008 |
| 035 ## - SYSTEM CONTROL NUMBER | |
| System control number | (Sirsi) u153596 |
| 041 0# - LANGUAGE CODE | |
| Language code of text/sound track or separate title | eng |
| 050 ## - LIBRARY OF CONGRESS CALL NUMBER | |
| Classification number | 624.08 |
| 100 ## - MAIN ENTRY--PERSONAL NAME | |
| Personal name | Jaeger, Axel-Volkmar |
| 245 ## - TITLE STATEMENT | |
| Title | FIDIC |
| Remainder of title | a guide for practitioners |
| Medium | [electronic resource] |
| 260 ## - PUBLICATION, DISTRIBUTION, ETC. | |
| Name of publisher, distributor, etc. | Springer Verlag |
| Date of publication, distribution, etc. | 2010 |
| 505 2# - FORMATTED CONTENTS NOTE | |
| Formatted contents note | 1 Legal Systems -- 2 Conflict of Laws -- 3 English and International Standard Forms of Contract -- 4 Civil Law Business Terms --5 Development Stages -- 6 Understanding FIDIC: A Civil Law Approach -- 7 FIDIC Contract Documents -- 8 Employer's Duties -- 9 Contractor's Duties -- 10 Design Responsibility -- 11 Engineer -- 12 Time for Completion -- 13 Variations -- 14 Tests -- 15 Certificates -- 16 Defects Notification Period and (Post Contractual) Defects Liability -- 17 Termination -- 18 Discharge, Frustration and Force Majeure -- 19 Risk, Insurance and Exceptional Risk -- 20 Bonds, Guarantees, Letters of Credit -- 21 Claim Management -- 22 Disputes --23 Samples -- 24 Delay Schedule |
| 520 ## - SUMMARY, ETC. | |
| Summary, etc. | This book provides an introduction to the 1999 FIDIC forms of contract including the FIDIC Red Book, the FIDIC Yellow Book, the FIDIC Silver Book and the new 2008 FIDIC Gold Book. Consulting engineers, architects and employers will also find reliable information about the FIDIC White Book. The authors explain the meaning of terms and features which are used by FIDIC. In particular the authors attempt to explain the English legal wording in its original legal context for use in civil law countries. Common law practitioners will find useful advice on civil law features and concepts which affect the use of FIDIC contracts in civil law countries. The book covers pre-contractual and contractual issues and the management of FIDIC contracts and offers support in interpreting and understanding the contract terms and contract procedures as to variations, tests, payment certificates, taking-over cases, claims and dispute resolution features. It includes flow charts, glossaries, checklists and sample letters. Common law practitioners will also find helpful information on civil law jurisdictions and civil law concepts. |
| 650 ## - SUBJECT ADDED ENTRY--TOPICAL TERM | |
| Topical term or geographic name entry element | CLAIMS |
| 650 ## - SUBJECT ADDED ENTRY--TOPICAL TERM | |
| Topical term or geographic name entry element | EBOOK |
| 650 ## - SUBJECT ADDED ENTRY--TOPICAL TERM | |
| Topical term or geographic name entry element | DISPUTES |
| 650 ## - SUBJECT ADDED ENTRY--TOPICAL TERM | |
| Topical term or geographic name entry element | FIDIC CONDITIONS OF CONTRACT |
| 650 ## - SUBJECT ADDED ENTRY--TOPICAL TERM | |
| Topical term or geographic name entry element | FIDIC RED BOOK |
| 650 ## - SUBJECT ADDED ENTRY--TOPICAL TERM | |
| Topical term or geographic name entry element | RICS APPRAISAL AND VALUATION MANUAL |
| 651 #4 - SUBJECT ADDED ENTRY--GEOGRAPHIC NAME | |
| Geographic name | ENGLAND AND WALES |
| 690 ## - LOCAL SUBJECT ADDED ENTRY--TOPICAL TERM (OCLC, RLIN) | |
| Topical term or geographic name as entry element | BUILT ENVIRONMENT-BUILDING CONTRACT FORMS |
| 700 1# - ADDED ENTRY--PERSONAL NAME | |
| Personal name | Hök, Götz-Sebastian |
| 856 40 - ELECTRONIC LOCATION AND ACCESS | |
| Uniform Resource Identifier | <a href="https://www.vlebooks.com/">https://www.vlebooks.com/</a> |
| Public note | View on VLEbooks. Logins for members only from [email protected] |
| 942 ## - ADDED ENTRY ELEMENTS (KOHA) | |
| Suppress in OPAC | 0 |
| Source of classification or shelving scheme | Dewey Decimal Classification |
| Withdrawn status | Lost status | Source of classification or shelving scheme | Damaged status | Not for loan | Home library | Current library | Shelving location | Date acquired | Total Checkouts | Full call number | Barcode | Date last seen | Copy number | Price effective from | Koha item type |
|---|---|---|---|---|---|---|---|---|---|---|---|---|---|---|---|
| Dewey Decimal Classification | Virtual | Virtual | Online | 09/08/2011 | EBOOK | 153596-2001 | 06/08/2019 | 1 | 06/08/2019 | Book |